| 000 | 02423nam0a2200409 4500 | ||
|---|---|---|---|
| 001 | RU\NLR\BIBL_A\016367282 | ||
| 005 | 20260406000902.0 | ||
| 010 |
_a978-5-94760-537-2 _9500 |
||
| 021 |
_aRU _b2023-24766 _9КН-П-2460 |
||
| 035 | _a(RuMoRGB)011734738 | ||
| 035 | _a(NLR Aleph) 016367282 | ||
| 090 |
_a13170924 _c13170924 |
||
| 100 | _a20230512d2022 |||y0rusy50 ca | ||
| 101 | 0 |
_arus _aeng _deng |
|
| 102 | _aRU | ||
| 105 | _a c||z|||000zy | ||
| 181 | 0 |
_ai3 _baxxe |
|
| 182 | 0 | _an | |
| 200 | 1 |
_aЗарождение радиоламповых технологий _dThe origin of radio tube technologies _eмонография _fВ. М. Пестриков _gМинистерство культуры Российской Федерации, Федеральное государственное бюджетное образовательное учреждение высшего образования "Санкт-Петербургский государственный институт кино и телевидения" _zeng |
|
| 203 |
_aТекст _bвизуальный _cнепосредственный |
||
| 210 |
_aСанкт-Петербург _cСПбГИКиТ _d2022 |
||
| 215 |
_a170, [1] с. _cил., портр., табл. _d29 |
||
| 300 | _aАвт. также на англ. яз.: Victor M. Pestrikov | ||
| 300 | _aЧасть текста англ. | ||
| 313 | _aИзобретение первой электронной радиолампы_вакуумного диода) и усилительной электронной лампы(лампы Либена) | ||
| 320 | _aБиблиогр.: с. 163-171 | ||
| 510 | 1 |
_6z92790 _aThe origin of radio tube technologies _zeng |
|
| 606 | 1 |
_aЭлектронные лампы _xИстория создания _92386383 _3RU\NLR\AUTH\6601644123 |
|
| 606 | 1 |
_aДиоды вакуумные _xИстория создания _92559944 _3RU\NLR\AUTH\6601726753 |
|
| 606 | 1 |
_aЛибена, катодные реле _xИстория создания _92559949 _3RU\NLR\AUTH\6601726756 |
|
| 686 | 1 | _aЗ851.12г | |
| 700 | 1 |
_8rus _7ca _aПестриков _bВ. М. _f1950- _gВиктор Михайлович _3RU\NLR\AUTH\77110433 _993358 |
|
| 790 | 1 |
_8rus _7ba _aPestrikov _bV. M. _f1950- _gViktor Michajlovič _3RU\NLR\AUTH\77110434 _993359 |
|
| 942 | _cBOOK | ||
| 980 | _aNB | ||